00481nam a22001697a 450000500170000000800410001702000150005802200150007304100120008808200120010010000120011224500570012425000190018126000550020030000310025565000250028620240924105452.0240924b |||||||| |||| 00| 0 eng d a0409004782 a0409004480 aEnglish a349 JOU lEnglish aThe Law of South Africa / cWA Joubert and JA Faris  aFirst Reissue  aDurban: bButterworth Publishers (Pty) Ltd, c1999 bviii, 563 pages; c26 cm.  aLegal practice bLaw